000 00446ntaaa2200181 4500
003 01
005 20251027202842.0
008 0714s1973 ag 01
040 _aAR-BaBN
_bspa
_cAR-BaBN
_eaacr
_dRIC
082 _a269.0000 Ap4
100 _aApostolon, Billy
_919214
245 _aThe voice of evangelism
250 _a1 ed.
260 _aGrand Rapids :
_bBaker Book House,
_cc1960
300 _a103 p
650 _aevangelismo
_9336
942 _cBK
999 _c23911
_d23911